Statistiques concernant Les 20 pays les moins célèbres

Cliquez ici pour prendre le quiz!

Statistiques générales

  • Ce quiz a été pris 1 047 fois
    (816 depuis la dernière actualisation)
  • Le résultat moyen est 15 sur 21

Statistiques - réponses

Pourcentages au quiz Pays du mondePays% Correct
17%îles Marshall
77%
14%Nauru
77%
20%Sainte-Lucie
77%
17%Saint-Vincent-et-les-Grenadines
77%
20%Vanuatu
77%
16%Tuvalu
76%
15%Kiribati
75%
16%Saint-Christophe-et-Niévès
75%
19%Tonga
74%
20%Micronésie
73%
14%Palaos
71%
16%Salomon
71%
19%Samoa
70%
19%Brunei
68%
16%Sao Tomé-et-Principe
68%
17%Grenade
66%
16%Timor Oriental
66%
21%Trinité-et-Tobago
65%
17%Antigua-et-Barbuda
64%
22%Comores
55%
20%Bahreïn
53%

Distribution des résultats

Percentile par nombre de réponses

% des personnes avec chaque résultat

Votre développement - résultats

Vous n’avez pas pris ce quiz depuis la dernière actualisation